Ibero-amerikanisches Archiv

محفوظ في:

التنسيق: دورية

اللغة: Undetermined

منشور في: JSTOR
Iberoamericana Editorial Vervuert

الموضوعات:

الوصول للمادة أونلاين: Login to view Source

الوسوم: إضافة وسم

لا توجد وسوم, كن أول من يضع وسما على هذه التسجيلة!

رقم الطلب:

LEADER 00528nas a2200169Ia 4500
008 220214c99999999xx |||||||||||| ||und||
022 |a 0340-3068 
022 |a 2365-1202 
245 0 0 |a Ibero-amerikanisches Archiv 
264 1 |b JSTOR 
264 1 |b Iberoamericana Editorial Vervuert 
362 0 |a Vol. 1(1924)-26 (2000) 
653 1 0 |a Latin American Studies 
856 4 0 |u https://www.jstor.org/journal/iberamerarch 
942 |c JL 
952 |0 0  |1 0  |4 0  |7 1  |9 35233  |a JSR  |b JSR  |d 2022-02-14  |l 0  |r 2022-02-14 00:00:00  |w 2022-02-14  |y JL 
999 |c 43566  |d 43566